000 00706nam a22002297a 4500
003 OSt
005 20260203035800.0
008 260203b |||||||| |||| 00| 0 eng d
020 _a0-333-96254-0
040 _aDWC-Main Lib
_cOC
082 _aCirc. 320.072 R432 2004
100 _aBurnham, P.
245 _aResearch methods in politics
_cBurnham, P.
260 _aNew York:
_bPalgrave Macmillan,
_cc2004
300 _ax, 308 pages ;
_c23 cm.
504 _aIncludes reference and index
650 _a1. Political Science
700 _aGilland, K.
700 _aGrant, W.
700 _aLayton-Henry, Z.
942 _2ddc
_cBK-CIRC
_hCirc. 320.072 R432 2004
_kCirc.
_n0
999 _c8179
_d8179